Financovanie malých a stredných podnikov diplomová práca

Salvato in:
Dettagli Bibliografici
Autore principale: Pastieriková, Michaela
Ente Autore: Fakulta podnikového manažmentu EU. Katedra podnikovohospodárska
Altri autori: Bukovová, Sylvia, 1959-
Natura: Libro
Lingua:slovacco
Pubblicazione: Bratislava 2009
Tags: Aggiungi Tag
Nessun Tag, puoi essere il primo ad aggiungerne!!

MARC

LEADER 00000nam$a2200000$$$4500
001 0101613
005 20240319130041.5
041 0 |a slo 
044 |a SK 
245 1 0 |a Financovanie malých a stredných podnikov  |b diplomová práca  |c Michaela Pastieriková ; škol. Sylvia Bukovová 
264 1 |a Bratislava  |c 2009 
300 |a 58 s. 
100 1 |a Pastieriková, Michaela 
700 1 |a Bukovová, Sylvia, 1959- 
710 2 |a Fakulta podnikového manažmentu EU. Katedra podnikovohospodárska